000 00705nam a2200265Ia 4500
005 20260121170647.0
008 008 260114s9999 xx 000 0 eng d
020 _a9783319945057
037 _aEBOOK
040 _aCRL
040 _beng
040 _cCRL
041 _2eng
041 _aeng
084 _qCRL
100 _aSimon K.S. Cheung, Lam-for Kwok, Kenichi Kubota, Lap-Kei Lee, Jumpei Tokito
_91066602
245 0 _aBlended Learning. Enhancing Learning Success
260 _bSpringer
260 _bSpringer
260 _c2018
856 _uhttps://link.springer.com/openurl?genre=book&isbn=978-3-319-94505-7
942 _cEBOOK
999 _c1632332
_d1632332